| 000 | 00374nam a2200157Ia 4500 | ||
|---|---|---|---|
| 008 | 230312s9999||||xx |||||||||||||| ||und|| | ||
| 020 | _a81-7992-100-x | ||
| 082 |
_a658.315 _bFIT-E |
||
| 100 | _aFitzwater Terry L. | ||
| 245 | 0 | _aEmployee Relations | |
| 260 |
_bJaico Publishing House _aMumbai _c2003 |
||
| 300 | _a81 | ||
| 546 | _aEng. | ||
| 650 | _aManagement | ||
| 942 | _cBK | ||
| 999 |
_c645 _d645 |
||